| 000 | 00940nam a22002657a 4500 | ||
|---|---|---|---|
| 001 | 3124 | ||
| 003 | FISKH | ||
| 005 | 20240207142318.0 | ||
| 008 | 240207b cb ||||| |||| 00| 0 eng d | ||
| 020 | _a9780439959728 | ||
| 040 |
_aFISKH _beng _cFISKH _dFISKH |
||
| 050 | _aPN6110.C4 | ||
| 082 | _a821 | ||
| 100 | _aCurry, Jennifer | ||
| 245 |
_aSchool Poems / _cCompiled by Jennifer Curry ; Illustrated by Kate Sheppard |
||
| 260 |
_aLondon : _bScholastic, _c1999. |
||
| 300 |
_a123 pages : _billustrations ; _c20 cm |
||
| 505 | _aQ | ||
| 520 | _aThis is a collection of poems all associated with school. Hear the song of the starving dinner ladies! Discover the Head's hideout! Find out who Sue's kissing! And fly the class rocket! | ||
| 521 | 8 |
_a670
_bLexile estimate |
|
| 521 | 8 |
_aQ
_bRaz-Plus |
|
| 650 |
_aBack to school _vFiction _xPoetry |
||
| 700 |
_aSheppard, Kate _eIllustrator |
||
| 942 |
_2ddc _cBK _n0 |
||
| 999 |
_c3124 _d3124 |
||